01161nac a22002897a 4500001001000000003000900010005001700019008003400036040005400070072000800124090001900132100001900151110009400170245004600264260003400310300000900344490011600353500008200469650001100551650001200562650001100574650001000585909004700595942001700642999001900659952019300678BR8703253BR-BrBNA20240105120510.0230509b bl.|||m| |||| 00| 0 por d aBR-BrBNAbporcBiblioteca Nacional de Agricultura aL02 a5212 BR87032531 aSilva, D.J. da1 aUniversidade Rural do Estado de Minas Gerais, Vicosa (Brasil). Servico de Extensao9112921 aEngorda de bovinos. Uso do melaco e ureia3 aVicosa, MG (Brasil): c1964.  a8 p. aSerie Divulgacao. Boletim - Universidade Rural do Estado de Minas Gerais. Servico de Extensao (Brazil)vno. 1x a(*) Documento disponível na(o) UFV, Vicosa, MG (Brazil). Biblioteca Central aBOVINO aENGORDA aMELACO aUREIA a202312bLúcia Elandec55dLúcia Elande 2AGRISn0cMS c279784d279784 002AGRIS40728Acervo Gerala41918b41918cAGROBASEl0r2023-12-18yMSz(*) Documento disponível na(o) UFV, Vicosa, MG (Brazil). Biblioteca CentralePortaria Interministerial nº 164/94